[Event "23. Torneo San Viator"]
[Site "Madrid ESP"]
[Date "2014.11.09"]
[Round "7.26"]
[White "Del Noval Nemeshazi, Nesztor"]
[Black "Perez Sempere, Alberto"]
[Result "1/2-1/2"]
[WhiteElo "1686"]
[BlackElo "1845"]
[PlyCount "128"]
[EventDate "2014.09.28"]
[EventType "swiss"]
[EventRounds "9"]
[EventCountry "ESP"]
[SourceTitle "Ajedrez en Madrid"]
[Source "lmi"]
[SourceDate "2014.09.28"]
[SourceVersion "1"]
[SourceVersionDate "2014.12.18"]
[SourceQuality "1"]

1. e4 c5 2. Nf3 Nc6 3. d4 cxd4 4. Nxd4 g6 5. c4 Bg7 6. Be3 Nf6 7. Nc3 O-O 8.
Be2 d6 9. O-O Bd7 10. Qd2 Ng4 11. Bxg4 Bxg4 12. f3 Bd7 13. Rfd1 Re8 14. Rac1
Qa5 15. a3 Rad8 16. b4 Qxa3 17. Nd5 Nxd4 18. Bxd4 Bxd4+ 19. Qxd4 Qa4 20. b5 Rc8
21. Ne3 Be6 22. Ra1 Qb4 23. Rxa7 Qc5 24. Rxb7 Bxc4 25. Qxc5 Rxc5 26. Nxc4 Rxc4
27. b6 Rb4 28. Ra1 h5 29. Ra6 Kf8 30. Rc7 Kg7 31. b7 Rb8 32. Rxe7 R8xb7 33.
Rxb7 Rxb7 34. Rxd6 f6 35. Kf2 Kf7 36. Kg3 Ke7 37. Rd2 Ke6 38. h4 Ke5 39. Rd5+
Ke6 40. Kf4 Rb3 41. Ra5 Rb6 42. Ra7 f5 43. exf5+ gxf5 44. Rh7 Rb4+ 45. Kg3 f4+
46. Kh2 Rb5 47. Rh6+ Kf7 48. Rc6 Ra5 49. Rc4 Rf5 50. Re4 Kf6 51. Kg1 Kg6 52.
Kf2 Rf6 53. Ke2 Kf5 54. Ra4 Re6+ 55. Kf2 Rb6 56. Ra5+ Kg6 57. Rg5+ Kh6 58. Ke2
Rb3 59. Kd2 Ra3 60. Rc5 Kg6 61. Rc6+ Kf5 62. Ke2 Ra2+ 63. Kf1 Ra1+ 64. Ke2 Rh1
1/2-1/2

[Event "23. Torneo San Viator"]
[Site "Madrid ESP"]
[Date "2014.11.09"]
[Round "7.27"]
[White "Sierra Bermejo, Gregorio"]
[Black "Lopez Ramirez, Rafael"]
[Result "1/2-1/2"]
[WhiteElo "1654"]
[BlackElo "1780"]
[PlyCount "47"]
[EventDate "2014.09.28"]
[EventType "swiss"]
[EventRounds "9"]
[EventCountry "ESP"]
[SourceTitle "Ajedrez en Madrid"]
[Source "lmi"]
[SourceDate "2014.09.28"]
[SourceVersion "1"]
[SourceVersionDate "2014.12.18"]
[SourceQuality "1"]

1. e4 e6 2. d4 d5 3. Nd2 Nf6 4. e5 Nfd7 5. Bd3 c5 6. c3 Nc6 7. Ne2 Be7 8. O-O
O-O 9. Nf3 f6 10. exf6 Nxf6 11. Bg5 cxd4 12. Nexd4 Ng4 13. Bxe7 Qxe7 14. Re1
Qf6 15. Qe2 e5 16. Nxc6 bxc6 17. Nxe5 Nxe5 18. Qxe5 Qxf2+ 19. Kh1 Qxb2 20. Qh5
g6 21. Bxg6 hxg6 22. Qxg6+ Kh8 23. Qh6+ Kg8 24. Qg6+ 1/2-1/2

[Event "23. Torneo San Viator"]
[Site "Madrid ESP"]
[Date "2014.11.09"]
[Round "7.28"]
[White "Navarro Gonzalez, Jaime"]
[Black "Blanco Diez, David"]
[Result "1-0"]
[WhiteElo "1761"]
[BlackElo "1506"]
[PlyCount "57"]
[EventDate "2014.09.28"]
[EventType "swiss"]
[EventRounds "9"]
[EventCountry "ESP"]
[SourceTitle "Ajedrez en Madrid"]
[Source "lmi"]
[SourceDate "2014.09.28"]
[SourceVersion "1"]
[SourceVersionDate "2014.12.18"]
[SourceQuality "1"]

1. e4 e5 2. Nf3 Nc6 3. Bb5 a6 4. Ba4 b5 5. Bb3 Nf6 6. O-O Be7 7. Re1 O-O 8. c3
d5 9. exd5 Nxd5 10. d4 exd4 11. Nxd4 Bb7 12. Nf5 Nf6 13. Nxe7+ Nxe7 14. Qxd8
Raxd8 15. Rxe7 Rd6 16. Bf4 Rd3 17. Na3 Rfd8 18. h3 Nd5 19. Bxd5 R3xd5 20. Rxc7
Ba8 21. Re1 g5 22. Be3 h5 23. Bd4 g4 24. hxg4 hxg4 25. Ree7 f5 26. Nc2 a5 27.
Rh7 Rxd4 28. Nxd4 Rf8 29. Rcg7# 1-0

[Event "23. Torneo San Viator"]
[Site "Madrid ESP"]
[Date "2014.11.09"]
[Round "7.29"]
[White "Rodriguez Lucena, Angel"]
[Black "Martin Rodriguez, Jose Luis"]
[Result "0-1"]
[WhiteElo "1741"]
[BlackElo "1430"]
[PlyCount "82"]
[EventDate "2014.09.28"]
[EventType "swiss"]
[EventRounds "9"]
[EventCountry "ESP"]
[SourceTitle "Ajedrez en Madrid"]
[Source "lmi"]
[SourceDate "2014.09.28"]
[SourceVersion "1"]
[SourceVersionDate "2014.12.18"]
[SourceQuality "1"]

1. e4 e6 2. d4 d5 3. e5 c5 4. c3 Nc6 5. Nf3 Qb6 6. a3 c4 7. Be2 Na5 8. Nbd2 Nh6
9. O-O Nf5 10. Qc2 Bd7 11. Ne1 h5 12. g3 Be7 13. Ng2 g5 14. Ne3 O-O-O 15. Nxf5
exf5 16. Rb1 h4 17. b3 hxg3 18. fxg3 Qe6 19. bxc4 f4 20. g4 Rh3 21. cxd5 Qxd5
22. Qe4 Bc6 23. Qxd5 Bxd5 24. c4 Bc6 25. d5 Bd7 26. d6 Bf8 27. Bf3 Bc6 28. Bxc6
Nxc6 29. Nf3 Rxf3 30. Rxf3 Nxe5 31. Rfb3 Rxd6 32. Rxb7 Rd1+ 33. Kf2 Bc5+ 34.
Ke2 Rxc1 35. Rxc1 Kxb7 36. a4 Nxg4 37. h3 Ne5 38. Rc2 f5 39. Rd2 f3+ 40. Kf1
Kc6 41. Rd5 Nxc4 0-1

[Event "23. Torneo San Viator"]
[Site "Madrid ESP"]
[Date "2014.11.09"]
[Round "7.32"]
[White "Castro Uceda, Jose Antonio"]
[Black "Algaba Traspuesto, Jose Antoni"]
[Result "1-0"]
[WhiteElo "1582"]
[BlackElo "1691"]
[PlyCount "69"]
[EventDate "2014.09.28"]
[EventType "swiss"]
[EventRounds "9"]
[EventCountry "ESP"]
[SourceTitle "Ajedrez en Madrid"]
[Source "lmi"]
[SourceDate "2014.09.28"]
[SourceVersion "1"]
[SourceVersionDate "2014.12.18"]
[SourceQuality "1"]

1. d4 Nf6 2. c4 e6 3. Nc3 Bb4 4. e3 b6 5. Nf3 O-O 6. Bd3 Bb7 7. a3 Bxc3+ 8.
bxc3 Ne4 9. Qc2 f5 10. O-O d6 11. Qb3 Nd7 12. c5 d5 13. Bxe4 fxe4 14. Ne5 Nxe5
15. dxe5 Ba6 16. Rd1 Bc4 17. Qa4 Qg5 18. cxb6 axb6 19. Qc6 Qxe5 20. Bb2 Ra5 21.
a4 Rfa8 22. h3 Bb3 23. Rd4 b5 24. Rb4 bxa4 25. Rxb3 Qh5 26. Qxe6+ Kh8 27. Rb7
a3 28. Rxa3 Rxa3 29. Bxa3 h6 30. Qe7 Qd1+ 31. Kh2 Qc2 32. Rxc7 Rg8 33. Qf7 Qa2
34. Bf8 Qa8 35. Bxg7+ 1-0

[Event "23. Torneo San Viator"]
[Site "Madrid ESP"]
[Date "2014.11.09"]
[Round "7.33"]
[White "Santos Valdivia, Victor Manuel"]
[Black "Rendo Quindos, Pedro"]
[Result "0-1"]
[WhiteElo "1473"]
[BlackElo "1657"]
[PlyCount "50"]
[EventDate "2014.09.28"]
[EventType "swiss"]
[EventRounds "9"]
[EventCountry "ESP"]
[SourceTitle "Ajedrez en Madrid"]
[Source "lmi"]
[SourceDate "2014.09.28"]
[SourceVersion "1"]
[SourceVersionDate "2014.12.18"]
[SourceQuality "1"]

1. d4 Nf6 2. e3 g6 3. Nf3 Bg7 4. Bd3 O-O 5. Nbd2 d6 6. Ne4 Nxe4 7. Bxe4 Nd7 8.
c3 c5 9. Qb3 Rb8 10. Bd2 Nf6 11. Bb1 Be6 12. Qd1 Qb6 13. Bc1 Rfc8 14. h3 Bd5
15. Bd3 cxd4 16. exd4 e5 17. dxe5 dxe5 18. Nxe5 Re8 19. f4 Bxg2 20. Rh2 Qg1+
21. Kd2 Qxh2 22. Kc2 Bf3+ 23. Qd2 Qxh3 24. b3 Rbd8 25. Qe3 Bd1+ 0-1

[Event "23. Torneo San Viator"]
[Site "Madrid ESP"]
[Date "2014.11.09"]
[Round "7.34"]
[White "San Felipe Asis, Raquel"]
[Black "Porris Rebollar, Ivan"]
[Result "1/2-1/2"]
[WhiteElo "1660"]
[BlackElo "1493"]
[PlyCount "87"]
[EventDate "2014.09.28"]
[EventType "swiss"]
[EventRounds "9"]
[EventCountry "ESP"]
[SourceTitle "Ajedrez en Madrid"]
[Source "lmi"]
[SourceDate "2014.09.28"]
[SourceVersion "1"]
[SourceVersionDate "2014.12.18"]
[SourceQuality "1"]

1. e4 c5 2. Nf3 e6 3. d4 d5 4. exd5 exd5 5. Bb5+ Bd7 6. Bxd7+ Nxd7 7. O-O Ngf6
8. Re1+ Be7 9. Qe2 h6 10. Nc3 a6 11. Bf4 cxd4 12. Nxd4 Nc5 13. Nf5 Ne6 14. Nxe7
Qxe7 15. Qf3 Qb4 16. a3 Qxb2 17. Rab1 Qxa3 18. Rxb7 O-O 19. Bxh6 Nd4 20. Qd3
Rfe8 21. Rxe8+ Rxe8 22. Kf1 Nxc2 23. Qxc2 gxh6 24. Qd3 Qc1+ 25. Nd1 Qc4 26. Nb2
Qxd3+ 27. Nxd3 Ng4 28. h3 Ne5 29. Nc5 a5 30. Ra7 Nc4 31. Nb3 Kg7 32. Nxa5 Nxa5
33. Rxa5 Rd8 34. Ke2 Kf6 35. Ke3 Ke6 36. Ra6+ Rd6 37. Rxd6+ Kxd6 38. Kd4 Ke6
39. g4 f5 40. f3 fxg4 41. hxg4 Kd6 42. f4 Ke6 43. f5+ Kd6 44. f6 1/2-1/2

[Event "23. Torneo San Viator"]
[Site "Madrid ESP"]
[Date "2014.11.09"]
[Round "7.35"]
[White "Mejias Gonzalez, Pedro"]
[Black "Hidalgo Prado, David"]
[Result "1-0"]
[WhiteElo "1632"]
[BlackElo "1449"]
[PlyCount "105"]
[EventDate "2014.09.28"]
[EventType "swiss"]
[EventRounds "9"]
[EventCountry "ESP"]
[SourceTitle "Ajedrez en Madrid"]
[Source "lmi"]
[SourceDate "2014.09.28"]
[SourceVersion "1"]
[SourceVersionDate "2014.12.18"]
[SourceQuality "1"]

1. e4 e6 2. d4 d5 3. e5 c5 4. c3 Bd7 5. Nf3 Nc6 6. Be2 cxd4 7. cxd4 Qb6 8. O-O
Nge7 9. b3 Nf5 10. Be3 Bb4 11. a3 Be7 12. b4 a6 13. Nc3 O-O 14. Na4 Qc7 15. Nc5
Bxc5 16. bxc5 b6 17. Qc1 Qa7 18. cxb6 Qxb6 19. Rb1 Qa7 20. Qd2 Rab8 21. g4 Nxe3
22. fxe3 Rxb1 23. Rxb1 Rb8 24. Rxb8+ Nxb8 25. Qa5 Nc6 26. Qxa6 Qxa6 27. Bxa6
Na5 28. Nd2 Kf8 29. Bd3 h6 30. h4 Ke7 31. g5 hxg5 32. hxg5 f6 33. gxf6+ gxf6
34. exf6+ Kxf6 35. Kf2 e5 36. dxe5+ Kxe5 37. Ke1 Kd6 38. Kd1 Ba4+ 39. Kc1 Nb3+
40. Nxb3 Bxb3 41. Kb2 Ba4 42. Kc1 Kc5 43. Bc2 Bd7 44. Bb3 Bc6 45. a4 Bd7 46. a5
Bb5 47. Bc2 Bc6 48. Bd3 Bb7 49. a6 Bc6 50. Bf5 Bb5 51. Bc8 Kb6 52. Kd2 Bc4 53.
Bb7 1-0

[Event "23. Torneo San Viator"]
[Site "Madrid ESP"]
[Date "2014.11.09"]
[Round "7.36"]
[White "Rodriguez Romero, Martin"]
[Black "Alonso Pardo, Daniel"]
[Result "1-0"]
[WhiteElo "1422"]
[BlackElo "1630"]
[PlyCount "47"]
[EventDate "2014.09.28"]
[EventType "swiss"]
[EventRounds "9"]
[EventCountry "ESP"]
[SourceTitle "Ajedrez en Madrid"]
[Source "lmi"]
[SourceDate "2014.09.28"]
[SourceVersion "1"]
[SourceVersionDate "2014.12.18"]
[SourceQuality "1"]

1. d4 d5 2. Nf3 Nc6 3. e3 a6 4. c4 Nf6 5. Nc3 Bg4 6. Bd3 e5 7. h3 Bxf3 8. gxf3
exd4 9. exd4 Nxd4 10. cxd5 Bc5 11. Be3 Qe7 12. Kf1 O-O-O 13. Bxd4 Rhe8 14. Bxc5
Qxc5 15. Rc1 Qd6 16. Ne4 Qf4 17. d6 c6 18. Rxc6+ Kd7 19. Rc7+ Ke6 20. Bc4+ Kf5
21. Nxf6 gxf6 22. Rg1 Qxd6 23. Qc2+ Ke5 24. Qe4# 1-0

[Event "23. Torneo San Viator"]
[Site "Madrid ESP"]
[Date "2014.11.09"]
[Round "7.38"]
[White "Mateos Cordero, Francisco"]
[Black "Ortiz Alonso, Carlos"]
[Result "1-0"]
[WhiteElo "1611"]
[BlackElo "1349"]
[PlyCount "45"]
[EventDate "2014.09.28"]
[EventType "swiss"]
[EventRounds "9"]
[EventCountry "ESP"]
[SourceTitle "Ajedrez en Madrid"]
[Source "lmi"]
[SourceDate "2014.09.28"]
[SourceVersion "1"]
[SourceVersionDate "2014.12.18"]
[SourceQuality "1"]

1. d4 Nf6 2. c4 e6 3. Nf3 d5 4. Nc3 Be7 5. e3 Nbd7 6. Qc2 O-O 7. cxd5 exd5 8.
Bd3 c6 9. O-O Re8 10. a4 Bb4 11. Bd2 Bxc3 12. Bxc3 Ne4 13. a5 Ndf6 14. Ne5 Qe7
15. a6 Nd6 16. Bb4 Qc7 17. Rfc1 Nc4 18. Bxc4 dxc4 19. axb7 Bxb7 20. Qxc4 Nd5
21. Qxd5 Rad8 22. Qc5 Rd5 23. Qxd5 1-0

[Event "23. Torneo San Viator"]
[Site "Madrid ESP"]
[Date "2014.11.09"]
[Round "7.39"]
[White "Del Rio Perezagua, Mario"]
[Black "Mosteiro Montoro, Alvaro"]
[Result "0-1"]
[WhiteElo "1348"]
[BlackElo "1586"]
[PlyCount "110"]
[EventDate "2014.09.28"]
[EventType "swiss"]
[EventRounds "9"]
[EventCountry "ESP"]
[SourceTitle "Ajedrez en Madrid"]
[Source "lmi"]
[SourceDate "2014.09.28"]
[SourceVersion "1"]
[SourceVersionDate "2014.12.18"]
[SourceQuality "1"]

1. e4 c5 2. Nf3 Nc6 3. d4 cxd4 4. Nxd4 e5 5. Nb5 a6 6. Nd6+ Bxd6 7. Qxd6 Qe7 8.
Qxe7+ Ngxe7 9. Nc3 Nd4 10. Bd3 h6 11. O-O b5 12. Be3 Nec6 13. Bxd4 Nxd4 14. Nd5
O-O 15. c3 Ne6 16. Rfe1 Rb8 17. Rad1 Bb7 18. Ne3 Nc5 19. Nf5 Kh7 20. Bc2 Rfe8
21. Nd6 Re6 22. Nxf7 Rf8 23. Nd6 Bc6 24. f3 Ref6 25. Nf5 Ne6 26. Re2 Nf4 27.
Red2 R8f7 28. Kf2 g6 29. Ne3 h5 30. Rd6 Kg7 31. Bb3 Rxd6 32. Rxd6 Rf6 33. Rd2
d6 34. Bd5 Bd7 35. Bb7 a5 36. Nd5 Nxd5 37. Bxd5 Kf8 38. Ke3 Ke7 39. c4 b4 40.
b3 Kd8 41. Rc2 Kc7 42. c5 dxc5 43. Rxc5+ Kb6 44. Rc2 g5 45. h3 h4 46. Bc4 Rd6
47. Rd2 Rxd2 48. Kxd2 Kc5 49. Ke3 a4 50. Bd3 a3 51. Kd2 Kd4 52. Be2 Be6 53. Bd3
Bxb3 54. Bb1 Bc4 55. Bc2 Bxa2 0-1

[Event "23. Torneo San Viator"]
[Site "Madrid ESP"]
[Date "2014.11.09"]
[Round "7.40"]
[White "Del Noval Nemeshazi, Mario"]
[Black "Garcia Rojas, Juan Carlos"]
[Result "0-1"]
[WhiteElo "1309"]
[BlackElo "1562"]
[PlyCount "60"]
[EventDate "2014.09.28"]
[EventType "swiss"]
[EventRounds "9"]
[EventCountry "ESP"]
[SourceTitle "Ajedrez en Madrid"]
[Source "lmi"]
[SourceDate "2014.09.28"]
[SourceVersion "1"]
[SourceVersionDate "2014.12.18"]
[SourceQuality "1"]

1. e4 e5 2. Nf3 Nc6 3. d4 exd4 4. Nxd4 Nge7 5. Bc4 g6 6. Nc3 Bg7 7. Be3 O-O 8.
O-O Ne5 9. Bb3 d6 10. h3 b6 11. Ba4 Bb7 12. Bb3 d5 13. exd5 Bxd5 14. Nxd5 Nxd5
15. Nc6 Nxc6 16. Bxd5 Qf6 17. Rb1 Rad8 18. c4 Ne7 19. Qb3 Nxd5 20. cxd5 Rd6 21.
Rfd1 Rfd8 22. Rd2 c5 23. Qc4 Qf5 24. Rbd1 Re8 25. Qa6 Qd7 26. Qc4 f5 27. Bf4
Re4 28. Qd3 Rxf4 29. Re1 Rd4 30. Qe3 Re4 0-1

[Event "23. Torneo San Viator"]
[Site "Madrid ESP"]
[Date "2014.11.09"]
[Round "7.41"]
[White "Dominguez Afonso, Ayraldo"]
[Black "Estirado De Cabo, Cesar"]
[Result "1-0"]
[WhiteElo "1571"]
[BlackElo "1404"]
[PlyCount "135"]
[EventDate "2014.09.28"]
[EventType "swiss"]
[EventRounds "9"]
[EventCountry "ESP"]
[SourceTitle "Ajedrez en Madrid"]
[Source "lmi"]
[SourceDate "2014.09.28"]
[SourceVersion "1"]
[SourceVersionDate "2014.12.18"]
[SourceQuality "1"]

1. e4 c6 2. d4 d5 3. Nc3 dxe4 4. Nxe4 Bf5 5. Ng3 Bg6 6. Nf3 Nd7 7. Nh4 Qc7 8.
Nxg6 hxg6 9. Bc4 e6 10. Be3 Ngf6 11. Qe2 O-O-O 12. O-O-O Nd5 13. Bd2 N7f6 14.
h3 Nf4 15. Bxf4 Qxf4+ 16. Qe3 Qxe3+ 17. fxe3 Nd5 18. Rhe1 Be7 19. Bd3 Bh4 20.
Ne4 Bxe1 21. Rxe1 Rh5 22. Kd2 e5 23. c3 exd4 24. exd4 Nf4 25. Bf1 Rhd5 26. Kc2
Re8 27. Nd6+ Rxd6 28. Rxe8+ Kd7 29. Re4 Rf6 30. Re1 Nxg2 31. Bxg2 Rf2+ 32. Kb3
Rxg2 33. Re3 g5 34. a4 g4 35. hxg4 Rxg4 36. Kc4 Rg5 37. Kd3 f5 38. Re2 f4 39.
Ke4 Ra5 40. Kxf4 Rxa4 41. Rg2 c5 42. Rxg7+ Kc6 43. Rg6+ Kb5 44. Ke5 cxd4 45.
cxd4 Rb4 46. Rg7 Kc4 47. Rc7+ Kb3 48. d5 Kxb2 49. d6 Rb5+ 50. Ke6 Rb3 51. d7
Re3+ 52. Kf5 Rd3 53. Rxb7+ Kc3 54. Rxa7 Kc4 55. Rc7+ Kb5 56. Ke6 Re3+ 57. Kd6
Rd3+ 58. Ke7 Re3+ 59. Kd8 Rh3 60. Kc8 Rh8+ 61. d8=Q Rxd8+ 62. Kxd8 Kb6 63. Kd7
Kb5 64. Rc6 Kb4 65. Kd6 Kb5 66. Kd5 Kb4 67. Rc5 Kb3 68. Rc4 1-0

[Event "23. Torneo San Viator"]
[Site "Madrid ESP"]
[Date "2014.11.09"]
[Round "7.42"]
[White "Del Noval Perez, Jeronimo"]
[Black "Barahona Torrijos, Angel"]
[Result "0-1"]
[WhiteElo "1448"]
[BlackElo "1845"]
[PlyCount "54"]
[EventDate "2014.09.28"]
[EventType "swiss"]
[EventRounds "9"]
[EventCountry "ESP"]
[SourceTitle "Ajedrez en Madrid"]
[Source "lmi"]
[SourceDate "2014.09.28"]
[SourceVersion "1"]
[SourceVersionDate "2014.12.18"]
[SourceQuality "1"]

1. e4 e5 2. Nf3 Nc6 3. Bb5 Nd4 4. Nxd4 exd4 5. d3 c6 6. Bc4 Bb4+ 7. c3 Bc5 8.
O-O b5 9. b4 bxc4 10. bxc5 Ba6 11. cxd4 cxd3 12. Re1 Qf6 13. e5 Qe6 14. Nc3 Ne7
15. Ne4 O-O 16. Nd6 Rfb8 17. Qf3 Nd5 18. a3 Nc3 19. Bd2 Ne2+ 20. Kh1 Nxd4 21.
Qe3 Nc2 22. Qg3 Nxa1 23. f4 f5 24. exf6 Qxf6 25. Ne4 Qg6 26. Ng5 Nc2 27. f5
Qxf5 0-1

[Event "23. Torneo San Viator"]
[Site "Madrid ESP"]
[Date "2014.11.09"]
[Round "7.43"]
[White "Callejas Torres, Alejandro"]
[Black "Insua Rodriguez, Antonio"]
[Result "1-0"]
[WhiteElo "1638"]
[BlackElo "1430"]
[PlyCount "83"]
[EventDate "2014.09.28"]
[EventType "swiss"]
[EventRounds "9"]
[EventCountry "ESP"]
[SourceTitle "Ajedrez en Madrid"]
[Source "lmi"]
[SourceDate "2014.09.28"]
[SourceVersion "1"]
[SourceVersionDate "2014.12.18"]
[SourceQuality "1"]

1. d4 d5 2. Nf3 Nf6 3. e3 e6 4. Bd3 c5 5. c3 Nc6 6. Nbd2 Bd6 7. O-O O-O 8. Re1
Qc7 9. h3 c4 10. Bc2 Re8 11. e4 e5 12. exd5 Na5 13. dxe5 Bxe5 14. Nxe5 Rxe5 15.
Nf3 Rxd5 16. Qxd5 Be6 17. Qe5 Qb6 18. Nd4 Re8 19. Nxe6 Nc6 20. Qf5 Ne7 21. Qc5
fxe6 22. Qxb6 axb6 23. Bg5 Kf7 24. Bxf6 gxf6 25. Re3 Nd5 26. Re4 f5 27. Re5 Nf4
28. Rae1 Rg8 29. g3 Nxh3+ 30. Kg2 Nf4+ 31. Kf3 Nh3 32. Kg2 Nf4+ 33. Kh2 Nd5 34.
Rxe6 f4 35. R1e5 fxg3+ 36. fxg3 Rd8 37. Rh6 Nf6 38. Rf5 Rd2+ 39. Kh3 Rxc2 40.
Rfxf6+ Kg7 41. Rxb6 Rd2 42. Rbd6 1-0

[Event "23. Torneo San Viator"]
[Site "Madrid ESP"]
[Date "2014.11.09"]
[Round "7.44"]
[White "Cortijo Manso, Luis"]
[Black "Aguilera Prada, Alejandro"]
[Result "0-1"]
[WhiteElo "1546"]
[BlackElo "1417"]
[PlyCount "106"]
[EventDate "2014.09.28"]
[EventType "swiss"]
[EventRounds "9"]
[EventCountry "ESP"]
[SourceTitle "Ajedrez en Madrid"]
[Source "lmi"]
[SourceDate "2014.09.28"]
[SourceVersion "1"]
[SourceVersionDate "2014.12.18"]
[SourceQuality "1"]

1. Nf3 Nf6 2. c4 g6 3. g3 Bg7 4. Bg2 d6 5. O-O O-O 6. d4 Nc6 7. Nc3 e5 8. dxe5
dxe5 9. e4 Bg4 10. h3 Be6 11. b3 Qxd1 12. Rxd1 Rad8 13. Ba3 Rfe8 14. Ne1 Rxd1
15. Rxd1 a6 16. Nc2 Bf8 17. Bxf8 Kxf8 18. Ne3 Rd8 19. Ned5 Bxd5 20. exd5 Nb8
21. Re1 Nbd7 22. a4 Ne8 23. a5 f5 24. b4 e4 25. b5 Nd6 26. Bf1 Nc5 27. Re3 Kf7
28. f3 exf3 29. Rxf3 Re8 30. g4 Kf6 31. Nd1 Nce4 32. Bd3 Nd2 33. Re3 Rxe3 34.
Nxe3 f4 35. bxa6 bxa6 36. c5 fxe3 37. cxd6 cxd6 38. Bxa6 Nb3 39. Kf1 Ke5 40.
Ke2 Kf4 41. Bc8 Nxa5 42. h4 Nc4 43. Be6 g5 44. hxg5 Kxg5 45. Bf5 h6 46. Kd3 Nb6
47. Be6 Kf4 48. Ke2 Ke4 49. Bg8 Kf4 50. Be6 Na4 51. g5 hxg5 52. Ke1 Nc3 53. Bc8
Nxd5 0-1

[Event "23. Torneo San Viator"]
[Site "Madrid ESP"]
[Date "2014.11.09"]
[Round "7.45"]
[White "Fernandez Rodriguez, Alberto"]
[Black "Brasa Olmos, Joaquin"]
[Result "1-0"]
[WhiteElo "1417"]
[BlackElo "1527"]
[PlyCount "95"]
[EventDate "2014.09.28"]
[EventType "swiss"]
[EventRounds "9"]
[EventCountry "ESP"]
[SourceTitle "Ajedrez en Madrid"]
[Source "lmi"]
[SourceDate "2014.09.28"]
[SourceVersion "1"]
[SourceVersionDate "2014.12.18"]
[SourceQuality "1"]

1. d4 Nf6 2. Nc3 e6 3. a3 c5 4. Nf3 cxd4 5. Nxd4 Bc5 6. Bf4 Nc6 7. Nxc6 bxc6 8.
e3 a5 9. b3 Qe7 10. Qc1 e5 11. Bg5 d5 12. Be2 d4 13. Ne4 dxe3 14. Nxf6+ gxf6
15. Bxe3 Rg8 16. O-O Bh3 17. Bf3 e4 18. Bxc5 Bxg2 19. Bxg2 Qxc5 20. Kh1 f5 21.
Qd2 Rd8 22. Qe2 Rd6 23. Rfd1 Rdg6 24. Bh3 Qe5 25. Qd2 Kf8 26. Rg1 Ke7 27. Rad1
Rxg1+ 28. Rxg1 Rxg1+ 29. Kxg1 Qa1+ 30. Kg2 Qg7+ 31. Kf1 Qa1+ 32. Ke2 Qh1 33.
Bxf5 Qf3+ 34. Kf1 Qxf5 35. a4 Qh3+ 36. Kg1 h5 37. Qe3 Qg4+ 38. Kf1 f5 39. Qc5+
Kd7 40. Qd4+ Ke6 41. Qc4+ Ke5 42. Qc5+ Kf4 43. Qe3+ Ke5 44. Qc5+ Kf6 45. Qxc6+
Kg5 46. Qc3 Qd1+ 47. Kg2 Qd5 48. Qg7+ 1-0

[Event "23. Torneo San Viator"]
[Site "Madrid ESP"]
[Date "2014.11.09"]
[Round "7.46"]
[White "Sanz Soriano, Ruben"]
[Black "Gallego Romero, Manuel"]
[Result "0-1"]
[WhiteElo "1304"]
[BlackElo "1500"]
[PlyCount "50"]
[EventDate "2014.09.28"]
[EventType "swiss"]
[EventRounds "9"]
[EventCountry "ESP"]
[SourceTitle "Ajedrez en Madrid"]
[Source "lmi"]
[SourceDate "2014.09.28"]
[SourceVersion "1"]
[SourceVersionDate "2014.12.18"]
[SourceQuality "1"]

1. e4 e5 2. Nf3 d6 3. d4 exd4 4. Nxd4 Nf6 5. Nc3 Be7 6. Bd3 O-O 7. O-O h6 8.
Bf4 Re8 9. Re1 Bf8 10. Qd2 Bd7 11. Rad1 a6 12. e5 Nh7 13. Nf5 Bxf5 14. Bxf5 Nc6
15. Nd5 dxe5 16. h3 Nf6 17. Nxf6+ Qxf6 18. Bd7 Rad8 19. Bxe8 Rxd2 20. Rxd2 Qxf4
21. Rde2 Bd6 22. g3 Qf5 23. Kg2 Nd4 24. g4 Qf3+ 25. Kf1 Qh1# 0-1

[Event "23. Torneo San Viator"]
[Site "Madrid ESP"]
[Date "2014.11.09"]
[Round "7.47"]
[White "Perez Perez, Marta"]
[Black "Jimenez Manzano, Emiliano"]
[Result "0-1"]
[WhiteElo "1364"]
[BlackElo "1490"]
[PlyCount "100"]
[EventDate "2014.09.28"]
[EventType "swiss"]
[EventRounds "9"]
[EventCountry "ESP"]
[SourceTitle "Ajedrez en Madrid"]
[Source "lmi"]
[SourceDate "2014.09.28"]
[SourceVersion "1"]
[SourceVersionDate "2014.12.18"]
[SourceQuality "1"]

1. e4 d5 2. exd5 Qxd5 3. Nc3 Qd8 4. d4 Nf6 5. Nf3 Bg4 6. h3 Bh5 7. Bf4 e6 8. a3
Bd6 9. Be3 O-O 10. Be2 c6 11. g4 Bg6 12. Bd3 Nd5 13. Nxd5 exd5 14. Qd2 Re8 15.
O-O-O b5 16. Bxg6 fxg6 17. h4 a5 18. h5 gxh5 19. gxh5 Nd7 20. Rdg1 Nf6 21. Bg5
Ne4 22. Bxd8 Nxd2 23. Kxd2 Raxd8 24. Kd3 a4 25. Rg5 Rf8 26. Rh3 Rf4 27. Rg2
Rdf8 28. Ke3 Re8+ 29. Kd3 Ree4 30. c3 Rg4 31. Rxg4 Rxg4 32. Ke3 c5 33. dxc5
Re4+ 34. Kd3 Bxc5 35. Nd4 Re5 36. Nc6 Rf5 37. f3 Kf7 38. Nd4 Rg5 39. Ke3 Rg2
40. Kd3 Rxb2 41. Nc2 Rb3 42. Na1 Rxa3 43. Nc2 Rb3 44. Rh1 b4 45. Kd2 Rxc3 46.
Rf1 a3 47. f4 Rh3 48. Kc1 b3 49. Ne1 a2 50. Kb2 Bd4+ 0-1

[Event "23. Torneo San Viator"]
[Site "Madrid ESP"]
[Date "2014.11.09"]
[Round "7.49"]
[White "Lianes Garcia, Alicia"]
[Black "Santos Burkholz, Mario"]
[Result "1/2-1/2"]
[WhiteElo "1346"]
[BlackElo "1426"]
[PlyCount "112"]
[EventDate "2014.09.28"]
[EventType "swiss"]
[EventRounds "9"]
[EventCountry "ESP"]
[SourceTitle "Ajedrez en Madrid"]
[Source "lmi"]
[SourceDate "2014.09.28"]
[SourceVersion "1"]
[SourceVersionDate "2014.12.18"]
[SourceQuality "1"]

1. e4 e5 2. Nf3 Nc6 3. Bb5 a6 4. Ba4 b5 5. Bb3 Nf6 6. d3 h6 7. O-O Bc5 8. a3
O-O 9. Nc3 d6 10. Nd5 Be6 11. Nxf6+ Qxf6 12. Bxe6 Qxe6 13. b4 Bb6 14. Re1 f5
15. Bb2 Qf6 16. Qe2 fxe4 17. Qxe4 Nd4 18. Bxd4 Bxd4 19. Rab1 Rab8 20. Re2 Bb6
21. Rf1 Rfe8 22. Qd5+ Qe6 23. Qxe6+ Rxe6 24. d4 e4 25. c3 Rbe8 26. Rfe1 Kf7 27.
d5 R6e7 28. Nd2 e3 29. fxe3 Bxe3+ 30. Kh1 Bxd2 31. Rf1+ Kg8 32. Rxd2 Re1 33.
Kg1 Rxf1+ 34. Kxf1 Re3 35. Rc2 Rd3 36. c4 bxc4 37. Rxc4 Rxa3 38. Rxc7 Rd3 39.
Rc6 Rxd5 40. Rxa6 Rb5 41. Rxd6 Rxb4 42. Kf2 Kf7 43. Rd3 Rf4+ 44. Rf3 Rf6 45.
Kg3 Kg6 46. Rxf6+ Kxf6 47. Kf4 g6 48. h3 Ke6 49. Ke4 Kf6 50. Kf4 Ke6 51. g4 Kf6
52. h4 g5+ 53. hxg5+ hxg5+ 54. Ke4 Ke6 55. Kd4 Kd6 56. Ke4 Ke6 1/2-1/2